| 000 | 00913cam a22002897i 4500 | ||
|---|---|---|---|
| 999 |
_c200428089 _d46013 |
||
| 001 | 200428089 | ||
| 003 | TR-AnTOB | ||
| 005 | 20230810150216.0 | ||
| 007 | ta | ||
| 008 | 171206s2014 tu 000 0 tur d | ||
| 020 |
_a9789753683814 _cpaperback |
||
| 040 |
_aTR-AnTOB _beng _erda _cTR-AnTOB |
||
| 041 | 0 | _atur | |
| 050 |
_aK3834 _b.D46 2014 |
||
| 090 |
_aK3834 _b.D46 2014 |
||
| 100 | 1 |
_aDemir, Işıl Egemen, _d1981- _eauthor _9118365 |
|
| 245 |
_aICSID tahkiminde kişi bakımından yetki / _cDr. Işıl Egemen Demir. |
||
| 264 | 1 |
_aİstanbul : _bFiliz Kitabevi, _c2014. |
|
| 300 |
_a250 pages : _c23 cm |
||
| 336 |
_2rdacontent _atext _btxt |
||
| 337 |
_2rdamedia _aunmediated _bn |
||
| 338 |
_2rdacarrier _avolume _bnc |
||
| 504 | _aIncludes bibliographical references | ||
| 650 | 0 |
_aYatırımlar, Dış _xHukuk ve mevzuat _zTürkiye _945255 |
|
| 942 |
_2lcc _cBK |
||